Normal view MARC view
  • Grinder, Robert E.,

Entry Nombre Personal

Number of records used in: 1

001 - NUMERO DE CONTROL

  • campo de control: 48902

003 - IDENTIFICADOR DE NUMERO DE CONTROL

  • campo de control: DLC

005 - FECHA Y HORA DE LA ÜLTIMA TRANSACCIÓN

  • campo de control: 20230512135159.0

008 - DATOS DE LONGITUD FIJA

  • campo de control de longitud fija: 230512n| acannaabn |n aaa

010 ## - NÚMERO DE CONTROL DE LA BIBLIOTECA DEL CONGRESO

  • Número de control LC: n 50031088

035 ## - NUMERO DE CONTROL

  • Número de control: (OCoLC)oca00066451

040 ## - FUENTE DE CATALOGACIÓN

  • Agencia original de catalogación: DLC
  • Lenguaje de catalogación: spa
  • Agencia de transcripción: DLC
  • Agencia que lo modifica: IEN
  • Agencia que lo modifica: MX-MxUPN

046 ## - FECHAS CON CODIFICACIÓN ESPECIAL

  • Fecha de nacimiento: 1929

100 1# - ENCABEZAMIENTO - NOMBRE PERSONAL

  • Nombre personal: Grinder, Robert E.,
  • Fechas asociadas con el nombre: 1929-

670 ## - FUENTE EN LA QUE SE LOCALIZARON DATOS

  • Cita de la fuente: En su obra: Studies in adolescence, 1963.

670 ## - FUENTE EN LA QUE SE LOCALIZARON DATOS

  • Cita de la fuente: Info. converted from 678, 2012-10-02
  • Información localizada: (n. 1929)

902 ## - CATALOGADOR

  • Catalogador: NDAF/120523